| 000 | 00559nam a2200193Ia 4500 | ||
|---|---|---|---|
| 003 | LDD | ||
| 008 | 190117s9999 xx 000 0 und d | ||
| 020 | _c₹25 | ||
| 040 | _cLDD | ||
| 041 | _ahi | ||
| 082 | _a8H3.7 या 4668 श-4 | ||
| 100 | _aयादव, राजेन्द्र | ||
| 245 | 0 |
_aशह और मात _cराजेन्द्र यादव |
|
| 246 |
_aSah aur maat _b उपन्यास |
||
| 250 | _a4 सं. | ||
| 260 |
_aदिल्ली _bअक्षर _c1980 |
||
| 300 | _a229प्र. | ||
| 942 |
_2ddc _cH |
||
| 999 |
_c167713 _d167713 |
||